000 00597nam a22002297a 4500
005 20170124110251.0
010 _aA-118235
020 _c00.00
_a9231018892
035 _aA-118235
037 _bCen Lib/Ret
040 _aDPL
_bEN
082 _a655.6
_bUNE
110 _aUNESCO
_999108
245 _aThe ABC of copyright /
246 _b
260 _aParis
_bUnesco
_c1981
270 _bParis
_a7 place de Fontenoy
_e75700
300 _a73p.
_c22cm(Hb)
650 _aCopyright, International.
_999109
650 _aCopyright
_915237
942 _2ddc
_cEN
_h655.6
_mUNE
999 _c135897
_d135897